|
|
|
|
| LEADER |
00000nab a2200000 a 4500 |
| 001 |
vtls000133612 |
| 003 |
SK-MaSNL |
| 005 |
20260303165505.0 |
| 008 |
160215c1982 xo 0 slo |
| 015 |
|
|
|a SNBRB19rr/mm-uuuuu
|
| 035 |
|
|
|a CL0143718
|
| 040 |
|
|
|a SNKBUCL
|b slo
|c SNKBUCL
|e AACR2
|
| 041 |
0 |
|
|a slo
|
| 044 |
|
|
|a xo
|c SK
|
| 080 |
|
|
|a 82:929:885.4
|2 1981
|
| 080 |
|
|
|a 885.4
|2 1981
|
| 080 |
|
|
|a 929 Pifko, Henrich
|2 1981
|
| 245 |
0 |
0 |
|a Životné jubileum
|
| 500 |
|
|
|a Pod spoločným názvom Zápisník Slniečka
|
| 600 |
1 |
7 |
|a Pifko, Henrich,
|d 1932-
|2 snkbucl
|9 223452
|
| 655 |
|
7 |
|a články z novín a časopisov
|2 snkbucl
|9 267496
|
| 655 |
|
7 |
|a články z odboru literárna veda a krásna literatúra
|2 snkbucl
|9 770045
|
| 773 |
0 |
|
|t Slniečko
|g Roč. 15, č. 2 (1982), s. 31
|
| 850 |
|
|
|a Slovenská národná knižnica v Martine
|a MTA001
|
| 852 |
|
|
|a SNK
|b KIS3GCP
|
| 958 |
|
|
|a BX
|
| 958 |
|
|
|a RK
|
| 958 |
|
|
|a LX
|
| 992 |
|
|
|a RBX
|
| 999 |
|
|
|c 2072021
|d 2073951
|